00246nam a2200109Ia 4500008004100000100001000041245003000051260001700081260000900098546001200107999001700119170619s9999 xx 000 0 und d aKorth 0aDATABASE SYSTEMS CONCEPTS bMc Graw Hill c2006 aENGLISH c18815d18815